书目信息 |
| 题名: |
隧道工程岩体分级
|
|
| 作者: | 王石春 , 何发亮 , 李苍松 著 | |
| 分册: | ||
| 出版信息: | 成都 西南交通大学出版社 2007.11 |
|
| 页数: | 181页 | |
| 开本: | 23cm | |
| 丛书名: | ||
| 单 册: | ||
| 中图分类: | U452.1 | |
| 科图分类: | ||
| 主题词: | 隧道工程--sui dao gong cheng--围岩--分类 | |
| 电子资源: | ||
| ISBN: | 978-7-81104-755-4 | |
| 000 | 00936nam0 2200265 450 | |
| 001 | 012008252702 | |
| 005 | 20080506181040.09 | |
| 010 | @a978-7-81104-755-4@dCNY34.00 | |
| 100 | @a20080506d2007 em y0chiy0120 ea | |
| 101 | 0 | @achi |
| 102 | @aCN@b510000 | |
| 105 | @aack a 000yy | |
| 106 | @ar | |
| 200 | 1 | @a隧道工程岩体分级@Asui dao gong cheng yan ti fen ji@f王石春, 何发亮, 李苍松著@Fwang shi chun,he fa liang,li cang song zhu |
| 210 | @a成都@c西南交通大学出版社@d2007.11 | |
| 215 | @a181页@c图, 肖像@d23cm | |
| 320 | @a有书目 (第180-181页) | |
| 330 | @a本书包括工程岩体分级现状、国内外有代表性的分级简介、工程岩体(围岩)分级的因素、通用的工程岩体分级等。 | |
| 606 | 0 | @a隧道工程@Asui dao gong cheng@x围岩@x分类 |
| 690 | @aU452.1@v4 | |
| 701 | 0 | @a王石春@Awang shi chun@4著 |
| 701 | 0 | @a何发亮@Ahe fa liang@4著 |
| 701 | 0 | @a李苍松@Ali cang song@4著 |
| 801 | 0 | @aCN@bQSSK@c20080506 |
| 905 | @b705728-30@dU452.1@eW340@f3 | |
| 隧道工程岩体分级/王石春, 何发亮, 李苍松著.-成都:西南交通大学出版社,2007.11 |
| 181页:图, 肖像;23cm |
| ISBN 978-7-81104-755-4:CNY34.00 |
| 本书包括工程岩体分级现状、国内外有代表性的分级简介、工程岩体(围岩)分级的因素、通用的工程岩体分级等。 |
| ● |
| 相关链接 |
|
|
|
正题名:隧道工程岩体分级
索取号:U452.1/W340
 
预约/预借
| 序号 | 登录号 | 条形码 | 馆藏地/架位号 | 状态 | 备注 |
| 1 | 705728 | 207057281 | 自科库501/501自科库 55排5列5层/ [索取号:U452.1/W340] | 在馆 | |
| 2 | 705729 | 207057290 | 土木与交通工程学院资料室/201建筑库 81排2列4层/ [索取号:U452.1/W340] | 在馆 | |
| 3 | 705730 | 207057307 | 自科库501/501自科库 55排5列5层/ [索取号:U452.1/W340] | 在馆 |